Using Newsweek in the developmental classroom

Uloženo v:
Podrobná bibliografie
Médium: Sách giấy
Jazyk:English
Vydáno: Lexington : D.C., 1992
Tagy: Přidat tag
Žádné tagy, Buďte první, kdo otaguje tento záznam!
Thư viện lưu trữ: Thư viện Trường Đại học Đà Lạt
LEADER 00499nam a2200229 4500
001 DLU020018010
005 ##5/9/2001
020 # # |a 978- 
041 # # |a eng 
082 # # |a 428  |b Usi  
245 # # |a Using Newsweek in the developmental classroom 
260 # # |a Lexington :  |b D.C.,  |c 1992 
300 # # |a 60 tr.;   |c 28 cm. 
992 # # |a 0 
994 # # |a DLU 
900 # # |a False 
911 # # |a Administrator 
925 # # |a G 
926 # # |a A 
927 # # |a SH 
980 # # |a Thư viện Trường Đại học Đà Lạt